000 00374 a2200169 4500
001 184698
020 _a85-262-3204-5
040 _cMagnum
100 _aMott, Maria Lucia de Barros
240 1 0 _aHistória cabeluda
_lpor
245 1 0 _aHistória cabeluda
300 _a
362 0 _a2003
440 1 _aScipione
697 _aLITERATURA INFANTO-JUVENIL
942 _cBK
999 _c184698
_d184698